Statistics for Departments of Île de France region

Click here to take the quiz!

General Stats

  • This quiz has been taken 91 times
  • The average score is 6 of 8

Answer Stats

PopulationDepartment% Correct
2 148 000Paris (75)
97%
1 607 000Seine-Saint-Denis (93)
84%
1 603 000Hauts-de-Seine (92)
73%
1 432 000Yvelines (78)
73%
1 287 000Essonne (91)
68%
1 398 000Seine-et-Marne (77)
65%
1 378 000Val-de-Marne (94)
65%
1 222 000Val-d'Oise (95)
61%

Score Distribution

Percentile by Number Answered

Percent of People with Each Score

Your Score History

You have not taken this quiz